|
|
|
|
| LEADER |
00000nab a2200000 a 4500 |
| 001 |
vtls008410993 |
| 003 |
SK-MaSNL |
| 005 |
20260304134006.0 |
| 008 |
250505c2005 xo mr|p|||||||000 b|slo |
| 015 |
|
|
|a SNBRB2005/11
|2 snkbucl
|
| 035 |
|
|
|a urn:nbn:sk:snk-ab8bor
|
| 035 |
|
|
|a (urnnbn)urn:nbn:sk:snk:ar-a07udv
|
| 035 |
|
|
|a (uuid)90630349-8352-48d5-84d5-86e8fba78072
|
| 038 |
|
|
|a SNKBUCL
|
| 040 |
|
|
|a SNKBUCL
|b slo
|c SNKBUCL
|e AACR2
|
| 041 |
0 |
|
|a slo
|
| 044 |
|
|
|a xo
|c SK
|
| 080 |
|
|
|a 658:364.1/.2
|2 1997
|
| 080 |
|
|
|a 364.1/.2
|2 1997
|
| 245 |
0 |
0 |
|a Podniková sociálna zodpovednosť
|b Európska komisia dala podnet na kampaň ...
|
| 650 |
0 |
7 |
|a podniky
|2 snkbucl
|9 923
|
| 650 |
0 |
7 |
|a spoločenská zodpovednosť podnikov
|2 snkbucl
|9 101025
|
| 773 |
0 |
|
|t Eurobiznis
|g Júl/august (2005), s. 40-41
|x 1336-393X
|
| 850 |
|
|
|a Slovenská národná knižnica
|
| 852 |
|
|
|a Slovenská národná knižnica
|
| 954 |
|
|
|a odborná, vedecká literatúra pôvodná (slovenská)
|2 lita
|
| 958 |
|
|
|a article9
|
| 958 |
|
|
|a OND
|
| 958 |
|
|
|a EUIPO
|
| 999 |
|
|
|c 2904821
|d 2906751
|